000 01216nam a22003617a 4500
003 CHAP
005 20220817042128.0
008 971013s1970 r 00010 d
010 _a35555
011 _a36527
035 _a40646
040 _cCHAP
090 _aFolleto 1113
110 _aOrganismo Internacional de Energía Atómica
_983512
245 _aIsotope techniques for studying animal protein production from non-protein nitrogen
260 _aVienna :
_bOIEA,
_c1970
300 _a29 p.
490 _aTechnical reports series
_v; 111
590 _aBATCH-UPD
_b10
_c20130109
_lUCH01
_h2319
590 _aBATCH-UPD
_b10
_c20130110
_lUCH01
_h1945
590 _aBATCH-UPD
_b10
_c20130409
_lUCH01
_h1841
590 _aBATCH-UPD
_b10
_c20130410
_lUCH01
_h1308
590 _aBATCH-UPD
_b10
_c20130914
_lUCH01
_h1306
590 _aCONVERSION
_b10
_c20130109
_lUCH01
_h1320
650 1 4 _aEnergía atómica en agricultura.
_936898
650 1 4 _aProteínas
_xMetabolismo.
_992450
710 0 _aFAO.
830 0 _aTechnical reports series
_v; 111
_9111913
901 _aBK
942 _cFOLL
949 _aFolleto 1113
_bBC
_cFOLL
_d-92871
_eTS1
_i40646
_si
949 _aFolleto 1113
_bBC
_cFOLL
_d-92873
_eTS2
_fc.2
_i40646
_si
999 _c35555
_d35555